MARC details
| 000 -LEADER |
| campo de control de longitud fija |
02866nam a2200421 i 4500 |
| 001 - NÚMERO DE CONTROL |
| campo de control |
193467 |
| 003 - IDENTIFICADOR DE NÚMERO DE CONTROL |
| campo de control |
SpMaBN |
| 005 - FECHA Y HORA DE LA ÚLTIMA TRANSACCIÓN |
| campo de control |
20250709183330.0 |
| 007 - CAMPO FIJO DE DESCRIPCIÓN FÍSICA--INFORMACIÓN GENERAL |
| campo de control de longitud fija |
ta |
| 008 - DATOS DE LONGITUD FIJA--INFORMACIÓN GENERAL |
| campo de control de longitud fija |
240102s2014 sp a | |||| 000 0 spa |
| 017 ## - NÚMERO DE COPYRIGHT O DE DEPÓSITO LEGAL |
| Número de copyright o de depósito legal |
AL 606-2014 |
| Agencia que asigna |
Oficina Depósito Legal Almería |
| 020 ## - NÚMERO INTERNACIONAL ESTÁNDAR DEL LIBRO |
| Número Internacional Estándar del Libro |
9788490764268 |
| 035 ## - NÚMERO DE CONTROL DEL SISTEMA |
| Número de control de sistema |
(OCoLC)892541743 |
| 035 ## - NÚMERO DE CONTROL DEL SISTEMA |
| Número de control de sistema |
a5541169 |
| 040 ## - FUENTE DE CATALOGACIÓN |
| Centro catalogador/agencia de origen |
SpMaBN |
| Lengua de catalogación |
spa |
| Centro/agencia transcriptor |
SpMaBN |
| Normas de descripción |
rdc |
| Centro/agencia modificador |
ES-MaACL |
| 080 ## - NÚMERO DE LA CLASIFICACIÓN DECIMAL UNIVERSAL |
| Número de la Clasificación Decimal Universal |
159.928.23 |
| 080 ## - NÚMERO DE LA CLASIFICACIÓN DECIMAL UNIVERSAL |
| Número de la Clasificación Decimal Universal |
159.942-053.2 |
| 100 1# - ENTRADA PRINCIPAL--NOMBRE DE PERSONA |
| Nombre de persona |
López Expósito, Ana María |
| Número de control del registro de autoridad o número normalizado |
XX1618834 |
| 9 (RLIN) |
176562 |
| 245 10 - MENCIÓN DEL TÍTULO |
| Título |
Nube, cuéntame un cuento : |
| Resto del título |
(inteligencia emocional, habilidades sociales, lenguaje no verbal, autoestima, empatía--) / |
| Mención de responsabilidad, etc. |
Ana María López Expósito |
| 250 ## - MENCION DE EDICION |
| Mención de edición |
1ª ed. |
| 260 ## - PUBLICACIÓN, DISTRIBUCIÓN, ETC. |
| Lugar de publicación, distribución, etc. |
[El Ejido] : |
| Nombre del editor, distribuidor, etc. |
Círculo Rojo, |
| Fecha de publicación, distribución, etc. |
2014. |
| 300 ## - DESCRIPCIÓN FÍSICA |
| Extensión |
226 p. : |
| Otras características físicas |
il. col. y n. ; |
| Dimensiones |
21 cm |
| 336 ## - TIPO DE CONTENIDO |
| Término de tipo de contenido |
Texto (visual) |
| Fuente |
isbdcontent |
| 337 ## - TIPO DE MEDIO |
| Nombre/término del tipo de medio |
sin mediación |
| Fuente |
isbdmedia |
| 338 ## - TIPO DE SOPORTE |
| Fuente |
rdacarrier |
| Nombre/término del tipo de soporte |
volumen |
| 490 1# - MENCIÓN DE SERIE |
| Mención de serie |
Docencia |
| 520 ## - RESUMEN, ETC. |
| Sumario, etc. |
¿Piensas en la inteligencia emocional como la capacidad para reconocer sentimientos propios y ajenos, y la habilidad para manejarlos? ¿Pretendes conocer los ingredientes que, bien combinados, hacen que unas personas sean más felices que otras? ¿Te gustaría ser el profesor que ayude a sus alumnos a ser personas emocionalmente sanas, con una actitud positiva ante la vida, que sepan expresar y controlar sus sentimientos, que conecten con las emociones de otras personas, qué tengan autonomía y capacidad para tomar decisiones adecuadas? ¿Quieres ser la escuela que plantee enseñar a los alumnos a ser emocionalmente más inteligentes, dotándoles de estrategias y habilidades emocionales básicas que les protejan de los efectos negativos? Si es así, Nube, cuéntame un cuento es tu proyecto. A través de la lectura de estos cuentos, dirigidos a alumnos de E. Infantil, E. primaria y E. Secundaria y siguiendo sus propuestas didácticas, los profesores consiguen que sus alumnos mejoren su autoestima y consecuentemente su rendimiento escolar. Proyecto increíblemente útil, eficiente y provechoso para cualquier persona que desee mejorar en el campo vital de la inteligencia emocional. |
| 650 #4 - PUNTO DE ACCESO ADICIONAL DE MATERIA--TÉRMINO DE MATERIA |
| Término de materia o nombre geográfico como elemento de entrada |
Inteligencia emocional |
| Fuente del encabezamiento o término |
embne |
| 9 (RLIN) |
13865 |
| 650 #7 - PUNTO DE ACCESO ADICIONAL DE MATERIA--TÉRMINO DE MATERIA |
| Término de materia o nombre geográfico como elemento de entrada |
Emociones en niños |
| 9 (RLIN) |
166232 |
| 830 ## - PUNTO DE ACCESO ADICIONAL DE SERIE-TÍTULO UNIFORME |
| Título uniforme |
Docencia (Círculo Rojo) |
| 9 (RLIN) |
234750 |
| 852 ## - LOCALIZACIÓN |
| Ubicación |
ES-MaACL |
| Sublocalización o colección |
R.154849 |
| Ubicación en estantería |
Depósito J |
| itemnumber |
200945 |
| Número de control de estantería |
N-9714 |
| Donativo/Legado |
Donación: Ana María López Expósito |
| Anotaciones manuscritas |
Dedicatoria autógrafa de la autora |
| Encuadernación |
Encuadernación rústica con solapas |
| 903 ## - NOMBRE PERSONAL DE DONANTE |
| a |
López Expósito, Ana María |
| e |
Donante |
| 9 |
176562 |
| 942 ## - ELEMENTOS DE ENTRADA SECUNDARIOS (KOHA) |
| Suprimir en OPAC |
No |
| Tipo de ítem Koha |
Libro impreso |